000 00398nam a2200169Ia 4500
008 230524s9999 xx 000 0 und d
020 _a9971512185
082 _a530.12
_bMER
100 _aEugen Merzbacher
245 0 _aQuantum Mechanics
250 _a3RD
260 _aNEW DELHI
_bJohn Wiley
_c2003
300 _aXVI;656
500 _aQuantity Number: 50
650 _aPhysics
942 _cBK
999 _c22852
_d22852